Every Class 1 Massachusetts Senator - Statistics

General Stats
  • This quiz has been taken 46 times
  • The average score is 9 of 28
Answer Stats
Picture Hint Answer % Correct
D(2013-) Elizabeth Warren
100%
D(1953-1960) John F. Kennedy
100%
D(1962-2009) Ted Kennedy
100%
F(1803-1808) John Quincy Adams
93%
R(1893-1924) Henry Cabot Lodge
71%
R(1947-1953) Henry Cabot Lodge Jr.
71%
R(2010-2013) Scott Brown
71%
D(2009-2010) Paul G. Kirk Jr.
50%
LR(1851-1874) Charles Sumner
36%
W(1845-1850) Daniel Webster
29%
W(1827-1841) Daniel Webster
29%
D(1926-1947) David I. Walsh
29%
D(1960-1962) Benjamin A. Smith II
21%
W(1841-1845) Rufus Choate
21%
R(1924-1926) William M. Butler
14%
F(1796-1800) Benjamin Goodhue
7%
F(1813-1816) Christopher Gore
7%
F(1820-1827) Elijah H. Mills
7%
F(1816-1818) Eli P. Ashmun
7%
F(1791-1796) George Cabot
7%
R(1875-1893) Henry L. Dawes
7%
F(1808-1813) James Lloyd
7%
F(1800-1803) Jonathan Mason
7%
F(1818-1820) Prentiss Mellen
7%
W(1850-1851) Robert C. Winthrop
7%
D(1851-1851) Robert Rantoul Jr.
7%
PA(1789-1791) Tristram Dalton
7%
R(1874-1875) William B. Washburn
7%
No matching quizzes found
Score Distribution
Percent of People with Each Score
Percentile by Number Answered
Your Score History
You have not taken this quiz